LA CASA DE MONEDA DE MEXICO BAJO LA ADMINISTRACION BORBONICA 1733-1821/

Salvato in:
Dettagli Bibliografici
Autore principale: Soria, Victor Manuel (autor)
Natura: Libro
Soggetti:
Tags: Aggiungi Tag
Nessun Tag, puoi essere il primo ad aggiungerne!!

MARC

LEADER 00000nam^a2200000^a^4500
001 000224206
005 20250521000000.0
009 20260310104041.244
035 |a 043053 
037 |a Acervo Xavier Clavigero 
082 |a 350. 8220972  |b SOR 
100 |a Soria, Victor Manuel  |e (autor) 
245 1 3 |a LA CASA DE MONEDA DE MEXICO BAJO LA ADMINISTRACION BORBONICA 1733-1821/  |c VICTOR MANUEL SORIA MURILLO 
264 |a México :  |b UAM,  |c 1994 
300 |a 279p. :  |b tbs. 
336 |a texto  |b txt  |2 rdacontenido 
337 |a sin mediación  |b n  |2 rdamedio 
338 |a volumen  |b nc  |2 rdasoporte 
649 |a XX 
650 |a Casas de Moneda -  |z México -  |x Historia -  |y Virreinato, 1535-1821 
910 |a Fondo General 
920 |a Impresos - Libros 
930 |a Colección General 
905 |a 101 
901 |a 043053  |b IT1  |c ACC  |i 043053  |u 20250521 
902 |a https://opac.biblio.iteso.mx/vufind/Record/000224206